Terraria Ores and Bars - Statistics

General Stats
  • This quiz has been taken 688 times
  • The average score is 20 of 24
Answer Stats
Answer % Correct
Copper
98%
Gold
98%
Iron
98%
Platinum
95%
Tin
94%
Silver
91%
Lead
90%
Titanium
89%
Cobalt
87%
Hellstone
87%
Tungsten
87%
Mythril
85%
Adamantite
83%
Chlorophyte
82%
Orichalcum
82%
Demonite
81%
Palladium
81%
Crimtane
77%
Luminite
75%
Hallowed
72%
Shroomite
69%
Meteorite
66%
Spectre
62%
Obsidian
59%
No matching quizzes found
Score Distribution
Percent of People with Each Score
Percentile by Number Answered
Your Score History
You have not taken this quiz